Análisis financiero aplicado, bajo NIIF. (Registro nro. 9183)

000 -CABECERA
Campo de control de longitud fija 01923nam a22002897a 4500
003 - IDENTIFICADOR DEL NÚMERO DE CONTROL
Campo de control OSt
005 - FECHA Y HORA DE LA ÚLTIMA TRANSACCIÓN
Campo de control 20260622152954.0
008 - CÓDIGOS DE INFORMACIÓN DE LONGITUD FIJA
Campo de control de longitud fija 190318t2018 xxu||||| |||| 00| 0 spa d
020 ## - NÚMERO INTERNACIONAL NORMALIZADO PARA LIBROS (ISBN)
Número Internacional Normalizado para Libros (ISBN) 9789587728798
040 ## - FUENTE DE LA CATALOGACIÓN
Centro catalogador de origen Unicoc
Lengua de catalogación spa
Centro que cataloga Bogotá (Dr. David Ordóñez Rueda) - Campus Norte
Centro modificador Bogotá (Dr. David Ordóñez Rueda) - Campus Norte
082 ## - NÚMERO DE LA CLASIFICACIÓN DECIMAL DEWEY
Número de clasificación 658.15
Número de documento O77a 2018
100 ## - PUNTO DE ACCESO PRINCIPAL - NOMBRE DE PERSONA
9 (RLIN) 6365
Nombre de persona Ortíz Anaya, Héctor.
245 ## - MENCIÓN DE TÍTULO
Título Análisis financiero aplicado, bajo NIIF.
Mención de responsabilidad etc. Héctor Ortiz Anaya.
250 ## - MENCIÓN DE EDICIÓN
Mención de edición 16a ed.
260 ## - PUBLICATION, DISTRIBUTION, ETC. (IMPRINT)
Lugar de publicación distribución etc. Bogotá :
Nombre del editor distribuidor etc. Universidad Externado de Colombia;
Fecha de publicación distribución etc. 2018
300 ## - DESCRIPCIÓN FÍSICA
Extensión 418 pág. :
Otras características físicas tablas.
Dimensiones 24 cm.
504 ## - NOTA DE BIBLIOGRAFÍA; ETC.
Nota de bibliografía etc. Incluye referencias bibliográficas.
505 ## - NOTA DE CONTENIDO CON FORMATO
Título Capítulo Primero. Versión global de las finanzas y el análisis financiero. --
-- Capítulo segundo. Las NIIF y los estados financieros. --
-- Capítulo tercero. El estado de situación financiera. --
-- Capítulo cuarto. Estado de resultados (NIC I) --
-- Capítulo quinto. Análisis vertical y horizontal. --
-- Capítulo sexto. Indicadores financieros. --
-- Capítulo séptimo. Indicadores de liquidez. --
-- Capítulo octavo. Indicadores de actividad. --
-- Capítulo noveno. Indicadores de rentabilidad. --
-- Capítulo décimo. Indicadores de endeudamiento y solvencia. --
-- Capítulo decimoprimero. Indicadores de crisis y relaciones entre indicadores. --
-- Capítulo decimosegundo. Aspectos generales del flujo de caja. --
-- Capítulo decimotercero. Flujo de caja histórico. --
-- Capítulo decimocuarto. Flujo de caja proyectado. Método directo simplificado. --
-- Capítulo decimoquinto. Flujo de caja proyectado. Método directo clasificado. --
-- Capítulo decimosexto. Proyecciones financieras. --
526 ## - NOTA DE INFORMACIÓN SOBRE EL PROGRAMA DE ESTUDIO
Institución que aplica el campo Unicoc
Nombre del programa Colegio Administrativo y de Ciencias Económicas
546 ## - NOTA DE LENGUA
Nota de lengua Español
650 #0 - PUNTO DE ACCESO ADICIONAL DE MATERIA - TÉRMINO DE MATERIA
9 (RLIN) 5051
Término de materia o nombre geográfico como elemento inicial Administración financiera
650 #0 - PUNTO DE ACCESO ADICIONAL DE MATERIA - TÉRMINO DE MATERIA
9 (RLIN) 6366
Término de materia o nombre geográfico como elemento inicial Análisis financiero.
650 #0 - PUNTO DE ACCESO ADICIONAL DE MATERIA - TÉRMINO DE MATERIA
9 (RLIN) 190
Término de materia o nombre geográfico como elemento inicial Contabilidad financiera.
Subdivisión de materia general Normas
650 #0 - PUNTO DE ACCESO ADICIONAL DE MATERIA - TÉRMINO DE MATERIA
9 (RLIN) 189
Término de materia o nombre geográfico como elemento inicial Estados financieros
710 ## - PUNTO DE ACCESO ADICIONAL - NOMBRE DE ENTIDAD
9 (RLIN) 5294
Nombre de entidad o nombre de jurisdicción como elemento inicial Universidad Externado de Colombia.
942 ## - ENTRADA PARA ELEMENTOS AGREGADOS (KOHA)
Fuente de clasificación o esquema de ordenación en estanterías
Koha [por defecto] tipo de item Libro
Existencias
Tipo de item de Koha Préstamos totales Fecha último préstamo Fecha del precio de reemplazo Fuente de adquisición Localización permanente Estado de pérdida Código de barras No para préstamo Estropeado Fuente de clasificación o esquema de ordenación en estanterías Localización actual Precio Número de ejemplar Fecha última consulta Signatura completa Fecha de adquisición
Libro  2022-07-25 Biblioteca Cali (Dr. Jairo Forero Morales) 23445   Biblioteca Cali (Dr. Jairo Forero Morales)50000.00Ej. 12022-07-25658.15 O77a 20182022-07-25
Libro12019-09-102019-03-18 Bogotá (Dr. David Ordóñez Rueda) - Campus Norte 12693   Bogotá (Dr. David Ordóñez Rueda) - Campus Norte50000.00Ej. 12019-09-18658.15 O77a 20182018-11-19

© 2014 UNICOC | Institución Universitaria Colegios de Colombia - UNICOC
Bogotá D.C. Autopista Norte Km. 20. Teléfono:(571)6683535
Cali: Calle 13 Norte No. 3N-13. Teléfono: (572)6608887

Con tecnología de Koha